000 00726nam a2200253Ia 4500
003 OSt
005 20220918191223.0
006 a|||||r|||| 00| 0
007 ta
008 220917b |||||||| |||| 00| 0 eng d
024 _a62,076
037 _cTextual
040 _aARTS
_cARTS
_beng
041 _2eng
_aeng
082 _aQ6:4196x, M0
100 _aMore Thomas
_915425
245 0 _aTower Works
_b devotional writings ed by Garry E Haupt
260 _aLondon
_bYale Univ Press UK
_c1980
300 _axxbvii,322p.
_ccm.
490 _aMale edition of the works of st Thomas More selectied works
650 _aRELIGION
942 _hQ6:4196x, M0
_cTEXL
_2CC
999 _c188798
_d188798